000 00210 a2200097 4500
001 30776
100 _aBradley, D
245 _aAmerican Themes
260 _aLondon
_bHamish Hamilton
_c
090 _c20708
_d20708
942 _aNUST-CAE
_cM
_c11901
999 _c265849
_d265849